000 00648nam a22002177a 4500
003 UA-OsUOA
001 71143
007 ta
008 20101005b un ||||| |||| 00| 0 ukr d
100 _aБридун Е.
090 _a330
_bБ87
942 _cSA
040 _aUA-OsUOA
_brus
_cUA-OsUOA
_dUA-OsUOA
245 _aИнвестиционная деятельность страховых компаний в современных условиях
300 _aС.27
955 _a0
041 _arus
080 _a330
773 0 _w71141
_tФинансовые услуги
_dК.
_d2010
_g2
650 7 _a330 Економіка взагалі
_2UDC
999 _c357411
_d357411